Деветдесет дни в Червено море (Запис номер 174723)
[ съкратено ]
| 000 -Лидер | |
|---|---|
| Контролно поле с фиксирана дължина | 01850nam a2200373 c 4500 |
| 003 - Код на организацията, давaща контролен номер | |
| Контролно поле | BLK |
| 005 - Дата и час на последна редакция | |
| Контролно поле | 20180422114653.0 |
| 008 - Елементи от данни с фиксирана дължина | |
| fixed length control field | 180411b bul|||||r ||||||| ||bul|| |
| 010 ## - Наследен системен номер | |
| LC control number | KNG00183224000 |
| 040 ## - Източник на каталожния запис | |
| Идентификатор на билиотеката - собственик на записа | BLK |
| 041 ## - Код за език | |
| Код за езика на текст/звукозапис или на отделно заглавие | Български |
| Код за езика КДБФ | Български |
| 080 ## - УДК | |
| Текстов определител УДК | Хидробиология. Водни биоценози и екосистеми - Хидробионти, планктон, бентос и др. Вж и 556 |
| УДК код - определител по УДК | 574.5 |
| УДК определител | |
| УДК - код + определител | 574.5 |
| 080 ## - УДК | |
| Текстов определител УДК | Океанология (океанография). Релеф на морското дъно - Общи въпроси, теория, наблюдения, прибори, приложна океанология, зони на морето и тяхното хоризонтално деление, морско равнище, вълни, при |
| УДК код - определител по УДК | 551.46 |
| УДК определител | (26) |
| УДК - код + определител | 551.46(26) |
| 100 1# - Редна дума - Автор | |
| Автор | Щрайхер, Зонфрид |
| Авторска отговорност | първи автор |
| R(LIN) | 144671 |
| 139 ## - Редно поле | |
| Редна дума | Щрайхер, Зонфрид |
| Авторски знак | Щр - Щ 54 |
| 245 10 - Сведения за заглавието | |
| Заглавие | Деветдесет дни в Червено море |
| Подзаглавни данни | Очерк за експедиция АКРОПОРА 76 |
| Редно поле (дума) | Зонфрид Щрайхер; прев. от нем. Виолета Тончева. |
| 257 ## - Страна на издаване | |
| Страна на създаване/издаване | Германия |
| 260 ## - Област на издателските данни | |
| -- | Варна |
| Име на издателя, разпространителя и проч. | Георги Бакалов |
| Година на издаване | 1983 |
| 300 ## - Физическа характеристика | |
| Страници | 143 с., 48 л. |
| Илюстрации и др. | ил. |
| Размери/Мащаб | 23 см |
| 380 ## - Жанр | |
| Жанр | Естествени науки. Математика |
| 490 1# - СЕРИИ (Колекции) | |
| Име на серия | Библиотека Нептун |
| №: серия | Кн. 1 |
| 500 ## - Общи забележки | |
| Забележка | 12 105 тир. |
| 650 #4 - Допълнително описание по предмет – тема | |
| Основно описание – тема или топоним | Фауна, морска |
| 9 (RLIN) | 250512 |
| 650 #4 - Допълнително описание по предмет – тема | |
| Основно описание – тема или топоним | Океанография |
| 9 (RLIN) | 164874 |
| 653 ## - Ключова дума – ненормативна | |
| Ключова дума | морска фауна |
| 653 ## - Ключова дума – ненормативна | |
| Ключова дума | океанография |
| 653 ## - Ключова дума – ненормативна | |
| Ключова дума | Червено море |
| 700 1# - Други автори (авторска отговорност) | |
| Лично име | Тончева, Виолета |
| Автороска отговорност (Описва отношението между автора и произведението) | прев. от нем. |
| 9 (RLIN) | 368602 |
| 852 ## - Местоположение | |
| Форматна сигнатура | Цб 124311 |
| 856 4# - Електронен адрес и достъп | |
| Електронен формат | pdf - файл |
| Път до файла /url/ | |
| 856 4# - Електронен адрес и достъп | |
| Електронен формат | pdf - файл |
| Път до файла /url/ | |
| 942 ## - АРТИКУЛИ | |
| Вид на библиотечния материал | Книги |
| Скрит в OPAC | Не |
| 944 ## - СЪЗДАВАНЕ И РЕДАКЦИЯ на ЗАПИСА | |
| Създаване/Редакция | Създаване |
| Дата на регистрацията/редакция | 06.10.2015 |
| Служител, извършил регистрацията/редакцията | Камелия_Данева |
| 944 ## - СЪЗДАВАНЕ И РЕДАКЦИЯ на ЗАПИСА | |
| Създаване/Редакция | Редакция |
| Дата на регистрацията/редакция | 26.09.2017 |
| Служител, извършил регистрацията/редакцията | Вася_Ганчева |
| 999 ## - СИСТЕМНИ КОНТРОЛНИ НОМЕРА | |
| Koha biblionumber | 174723 |
| Koha biblioitemnumber | 174723 |
| Код за отписване | Код за изгубен артикул | Източник на класификационната схема | Код за повреда | Коз за рестрикции | Код за отдаване | Артикулен № | Име на библиотеката - собственик | Име на библиотеката, в която се намира в момента | Статус (Текущо местоположение) | Дата на вписване в системата | Местоположение - отдел | Цена в лева | Инвентарен номер | Систематично азбучна сигнатура | Баркод | Номер на екземпляра | Цена в евро | Служебна бележка | Служебен тип на артикула | Бележка за публиката |
|---|---|---|---|---|---|---|---|---|---|---|---|---|---|---|---|---|---|---|---|---|
| Не е изгубен | Universal Decimal Classification | Не е повреден | без рестрикции | ползва се в читалня | 300349 | Регионална библиотека "Любен Каравелов" Русе | Регионална библиотека "Любен Каравелов" Русе | Хранилище | 1983-01-01 | Основен фонд - ползва се само за читалня | 3.38 | 388582 | Цб 124311 | 120000388582 | 1 | 1.73 | Дост: Dp Вид: Д N: стар фонд Дата: 01.01.1983 | Книги | ||
| Изтеглен | Не е изгубен | Не е повреден | без рестрикции | заемане за дома | 300350 | Регионална библиотека "Любен Каравелов" Русе | Регионална библиотека "Любен Каравелов" Русе | 1983-01-01 | Детски отдел | 3.38 | 391307 | ДН 57/Щ 54 | 391307 | 2 | 1.73 | N: стар фонд Дата: 01.01.1983 Дата инв: 29.10.2015 Бележки инв: Д2015 | Книги | Отч.N: 38/2017 , Дата: 07.09.2017 | ||
| Изтеглен | Не е изгубен | Не е повреден | без рестрикции | заемане за дома | 300351 | Регионална библиотека "Любен Каравелов" Русе | Регионална библиотека "Любен Каравелов" Русе | 1983-01-01 | Детски отдел | 3.38 | 391309 | ДН 57/Щ 54 | 391309 | 3 | 1.73 | N: стар фонд Дата: 01.01.1983 Дата инв: 29.10.2015 Бележки инв: Д2015 | Книги | Отч.N: 43/17 , Дата: 08.09.2017 |